000 00867nam a22002417a 4500
005 20170124110243.0
010 _aA-688953
020 _c00.00
_a8170222869
035 _aA-688953
037 _bCen Lib/Ret
040 _aDPL
_bEN
082 _a307.7720954
_bMOO
100 _aMoonis Raza
_910348
245 _aAn atlas of tribal India :
_bby Moonis Raza [and] Aijazuddin Ahmad
_cwith computed tables od district - level data and its geography interpretation /
260 _aNew Delhi
_bConcept Publishing Company
_c1990
270 _bNew Delhi
_aA/15-16, Commercial Block, Mohan Garden
_e110059
300 _axxiii, 4726p. :
_c26cm(Hb)
_bill.
500 _aincludes index
650 _aTribal India -- Atlas
_996291
650 _aGeography -- India
_978710
700 _aAijazuddin Ahmad
_996292
942 _2ddc
_cEN
_h307.7720954
_mMOO
999 _c135334
_d135334